[Event "Leiden SB-chB"]
[Site "Leiden"]
[Date "2014.06.24"]
[Round "7"]
[White "Schenkelaars, Vincent"]
[Black "Brandt, Jan"]
[Result "0-1"]
[WhiteElo "1777"]
[BlackElo "1789"]
[PlyCount "68"]
[EventDate "2014.05.13"]
[EventType "swiss"]
[EventRounds "7"]
[EventCountry "NED"]
[SourceTitle "EXT 2015"]
[Source "ChessBase"]
[SourceDate "2014.11.20"]
[SourceVersion "1"]
[SourceVersionDate "2014.11.20"]
[SourceQuality "1"]

1. d4 Nf6 2. Nf3 e6 3. c4 b6 4. g3 Bb7 5. Bg2 Bb4+ 6. Bd2 Be7 7. Nc3 0-0 8. 0-0 d6 9. Qc2 Nbd7 10. e4 e5 11. d5 Nc5 12. b4 Ncd7 13. h3 Re8 14. Be3 Nf8 15. Nd2 Ng6 16. Ne2 Bc8 17. f4 exf4 18. Nxf4 Ne5 19. Nf3 Bf8 20. Nd4 Bd7 21. a3 Qc8 22. Qe2 a5 23. b5 Qd8 24. Rac1 Qe7 25. Nh5 Nxh5 26. Qxh5 g6 27. Qe2 Bg7 28. Rf2 Rf8 29. Rcf1 Rad8 30. g4 Qh4 31. Nf3 Qe7 32. Bf4 f6 33. Nd4 Kh8 34. Bg3 h5 0-1

[Event "Leiden SB-chB"]
[Site "Leiden"]
[Date "2014.06.03"]
[Round "4"]
[White "Schenkelaars, Vincent"]
[Black "Van der Wulp, Geert"]
[Result "1/2-1/2"]
[WhiteElo "1777"]
[BlackElo "1672"]
[PlyCount "50"]
[EventDate "2014.05.13"]
[EventType "swiss"]
[EventRounds "7"]
[EventCountry "NED"]
[SourceTitle "EXT 2015"]
[Source "ChessBase"]
[SourceDate "2014.11.20"]
[SourceVersion "1"]
[SourceVersionDate "2014.11.20"]
[SourceQuality "1"]

1. d4 Nf6 2. c4 e6 3. Nc3 d5 4. Nf3 c6 5. Bf4 Bb4 6. Qb3 Qa5 7. Nd2 0-0 8. e3 Nbd7 9. Be2 Re8 10. a3 e5 11. Bg3 exd4 12. Qxb4 Qxb4 13. axb4 dxc3 14. bxc3 Ne5 15. 0-0 Bg4 16. Bxg4 Nexg4 17. Rfd1 a6 18. Bc7 dxc4 19. Nxc4 Nd5 20. Rxd5 cxd5 21. Nb6 Ra7 22. Nxd5 b5 23. Bb6 Rd7 24. Nf4 Ra8 25. Bd4 f6 1/2-1/2

[Event "Leiden SB-chB"]
[Site "Leiden"]
[Date "2014.05.13"]
[Round "1"]
[White "Van Osch, Lo"]
[Black "Schenkelaars, Vincent"]
[Result "1-0"]
[WhiteElo "1451"]
[BlackElo "1777"]
[PlyCount "91"]
[EventDate "2014.05.13"]
[EventType "swiss"]
[EventRounds "7"]
[EventCountry "NED"]
[SourceTitle "EXT 2015"]
[Source "ChessBase"]
[SourceDate "2014.11.20"]
[SourceVersion "1"]
[SourceVersionDate "2014.11.20"]
[SourceQuality "1"]

1. e4 d6 2. d4 Nf6 3. Bd3 g6 4. Ne2 c5 5. c3 cxd4 6. cxd4 Bg7 7. 0-0 0-0 8. Nd2 Nc6 9. Nf3 Bg4 10. Be3 Bxf3 11. gxf3 Rc8 12. Qb3 Qd7 13. Rfd1 a6 14. Ng3 Ne8 15. Be2 Qc7 16. Rac1 Qb8 17. Bxa6 bxa6 18. Qxb8 Rxb8 19. Rxc6 Rxb2 20. Rxa6 Nf6 21. Rd2 Rb7 22. a4 Nd7 23. a5 Rfb8 24. Ne2 Rc8 25. Ra2 Kf8 26. Kg2 Ke8 27. f4 h6 28. Kf3 Kd8 29. Ra3 e6 30. Rc3 Rxc3 31. Nxc3 Kc7 32. Na4 Nb8 33. Rb6 Nc6 34. Rxb7+ Kxb7 35. d5 Nxa5 36. Nb6 Kc7 37. h3 Bf6 38. dxe6 fxe6 39. f5 gxf5 40. exf5 Kc6 41. fxe6 d5 42. Bd4 Bd8 43. Nc8 Bc7 44. Bb6 Nc4 45. e7 Kd7 46. Bxc7 1-0

[Event "Leiden SB-ch"]
[Site "Leiden"]
[Date "2011.06.28"]
[Round "7"]
[White "Volders, Wessel"]
[Black "Schenkelaars, Vincent"]
[Result "1-0"]
[WhiteElo "1819"]
[BlackElo "1713"]
[PlyCount "125"]
[EventDate "2011.05.17"]
[EventType "swiss"]
[EventRounds "7"]
[EventCountry "NED"]
[SourceTitle "EXT 2012"]
[Source "ChessBase"]
[SourceDate "2011.11.24"]
[SourceVersion "1"]
[SourceVersionDate "2011.11.24"]
[SourceQuality "1"]

1. e4 d6 2. d4 Nf6 3. Nc3 g6 4. Be3 c6 5. f3 b5 6. Bd3 a5 7. Qd2 h5 8. h4 b4 9. Na4 Ba6 10. c4 Nbd7 11. Rd1 Qc7 12. b3 Bg7 13. Ne2 c5 14. dxc5 Nxc5 15. Nxc5 dxc5 16. 0-0 Rd8 17. Nf4 Nd7 18. Nd5 Qb8 19. Bg5 f6 20. Be3 e6 21. Nf4 Kf7 22. Qf2 Bh6 23. Nh3 Bxe3 24. Qxe3 Qc7 25. f4 Kg7 26. e5 fxe5 27. Qg3 Rh6 28. Ng5 Re8 29. fxe5 Qxe5 30. Rf7+ Kg8 31. Qf2 Bc8 32. Be2 Nf8 33. Kh1 Rh8 34. Rf1 Qd6 35. Rg7+ Kxg7 36. Qf7+ Kh6 37. Rd1 Qe7 38. Qf4 Nh7 39. Nf7+ Kg7 40. Qh6+ Kxf7 41. Bxh5 Reg8 42. Rf1+ Ke8 43. Bxg6+ Rxg6 44. Qxg6+ Kd7 45. Rf7 Qxf7 46. Qxf7+ Kd8 47. Qg7 Re8 48. Qxh7 e5 49. Qe4 Re7 50. Qd5+ Bd7 51. Qa8+ Bc8 52. Qxa5+ Rc7 53. h5 e4 54. h6 Bf5 55. g4 Bh7 56. g5 e3 57. Kg1 Kd7 58. Kf1 Bd3+ 59. Ke1 Kd6 60. Qb6+ Kd7 61. g6 Rc6 62. Qb7+ Kd6 63. g7 1-0

[Event "Leiden SB-ch"]
[Site "Leiden"]
[Date "2011.06.07"]
[Round "4"]
[White "Schenkelaars, Vincent"]
[Black "De Ruyter, Wim"]
[Result "1-0"]
[WhiteElo "1713"]
[BlackElo "1591"]
[PlyCount "73"]
[EventDate "2011.05.17"]
[EventType "swiss"]
[EventRounds "7"]
[EventCountry "NED"]
[SourceTitle "EXT 2012"]
[Source "ChessBase"]
[SourceDate "2011.11.24"]
[SourceVersion "1"]
[SourceVersionDate "2011.11.24"]
[SourceQuality "1"]

1. d4 d5 2. c4 e6 3. Nc3 Nf6 4. Bg5 Be7 5. Nf3 0-0 6. e3 h6 7. Bh4 Ne4 8. Bxe7 Qxe7 9. Qc2 Nxc3 10. Qxc3 Nc6 11. Be2 Qb4 12. Rc1 Qxc3+ 13. Rxc3 dxc4 14. Bxc4 Bd7 15. 0-0 Rac8 16. Rfc1 Rfe8 17. a3 e5 18. d5 Ne7 19. Nxe5 Nxd5 20. Bxd5 Rxe5 21. Bxb7 Rb8 22. Rxc7 Be6 23. b4 a5 24. bxa5 Rxa5 25. Bc8 Bd5 26. R7c3 Rb2 27. Ra1 Bb3 28. h3 Bc2 29. Bd7 Rd5 30. Bc6 Rd2 31. a4 Bb1 32. a5 Rd1+ 33. Kh2 Rxf2 34. a6 Rdd2 35. Rxb1 Ra2 36. Bb7 f5 37. Bd5+ 1-0

[Event "Leiden SB-ch"]
[Site "Leiden"]
[Date "2011.06.01"]
[Round "3"]
[White "Van Drunick, Jan Willem"]
[Black "Schenkelaars, Vincent"]
[Result "1-0"]
[WhiteElo "1945"]
[BlackElo "1713"]
[PlyCount "103"]
[EventDate "2011.05.17"]
[EventType "swiss"]
[EventRounds "7"]
[EventCountry "NED"]
[SourceTitle "EXT 2012"]
[Source "ChessBase"]
[SourceDate "2011.11.24"]
[SourceVersion "1"]
[SourceVersionDate "2011.11.24"]
[SourceQuality "1"]

1. d4 g6 2. c4 Bg7 3. Nf3 d6 4. Nc3 Nf6 5. e4 0-0 6. Be2 e5 7. 0-0 Nc6 8. d5 Ne7 9. Bd2 Nd7 10. b4 a5 11. a3 f5 12. Ng5 Nf6 13. f3 h6 14. Ne6 Bxe6 15. dxe6 axb4 16. axb4 Rxa1 17. Qxa1 Nc6 18. exf5 gxf5 19. Qb1 Nd4 20. Bd3 Nxe6 21. Bxf5 Nd4 22. Bd3 Nh5 23. Be4 c6 24. g3 Qd7 25. Kg2 Nf6 26. Bd3 d5 27. Qa2 Kh8 28. cxd5 cxd5 29. Bg6 Nc6 30. Qb1 Ne7 31. Bc2 Ra8 32. Qc1 Nfg8 33. Bd3 Rc8 34. Qe1 Qc6 35. Nd1 Qd6 36. Nf2 Nf6 37. Qe2 Nc6 38. Rc1 Rf8 39. Qe1 Nd4 40. Qd1 Nxf3 41. Qxf3 e4 42. Qe2 exd3 43. Qxd3 Qb6 44. Qg6 Nd7 45. Qxb6 Nxb6 46. Rc7 Nc4 47. Bf4 b6 48. Nd3 Kg8 49. Rc6 Kh7 50. Rc7 Kg6 51. Rd7 d4 52. Rc7 1-0

[Event "Leiden SB-ch"]
[Site "Leiden"]
[Date "2009.06.23"]
[Round "6"]
[White "Erwich, Frans"]
[Black "Schenkelaars, Vincent"]
[Result "1-0"]
[WhiteElo "2000"]
[BlackElo "1718"]
[PlyCount "55"]
[EventDate "2009.05.19"]
[EventType "swiss"]
[EventRounds "7"]
[EventCountry "NED"]
[SourceTitle "EXT 2012"]
[Source "ChessBase"]
[SourceDate "2011.11.24"]
[SourceVersion "1"]
[SourceVersionDate "2011.11.24"]
[SourceQuality "1"]

1. d4 g6 2. e4 d6 3. c4 Bg7 4. Nc3 Nf6 5. h3 c5 6. d5 0-0 7. Bg5 Nbd7 8. Nf3 a6 9. a4 Ne8 10. Bd3 Ne5 11. 0-0 f5 12. exf5 Nxd3 13. Qxd3 Bxf5 14. Qe3 Nf6 15. Rfe1 Qb6 16. g4 Bd7 17. a5 Qxb2 18. Rab1 Nxg4 19. Rxb2 Nxe3 20. Rxe3 Bd4 21. Nxd4 cxd4 22. Rxe7 dxc3 23. Rxb7 Rf5 24. Be3 Ba4 25. Rg7+ Kf8 26. Rxh7 Ke8 27. Rbe7+ Kd8 28. Bb6+ 1-0

[Event "Leiden SB-ch"]
[Site "Leiden"]
[Date "2007.06.12"]
[Round "5"]
[White "Schenkelaars, Vincent"]
[Black "Van der Hoeven, Peter"]
[Result "1/2-1/2"]
[WhiteElo "1763"]
[BlackElo "1647"]
[PlyCount "108"]
[EventDate "2007.05.15"]
[EventType "swiss"]
[EventRounds "7"]
[EventCountry "NED"]
[SourceTitle "EXT 2012"]
[Source "ChessBase"]
[SourceDate "2011.11.24"]
[SourceVersion "1"]
[SourceVersionDate "2011.11.24"]
[SourceQuality "1"]

1. d4 Nf6 2. c4 g6 3. Nc3 Bg7 4. e4 d6 5. Nf3 0-0 6. Be2 Nc6 7. 0-0 e5 8. d5 Ne7 9. Ne1 Ne8 10. Be3 f5 11. f3 f4 12. Bf2 Kh8 13. a4 Rg8 14. a5 g5 15. c5 Ng6 16. cxd6 cxd6 17. Nb5 a6 18. Na7 Bd7 19. Qb3 Qb8 20. Qb6 Bf6 21. Rc1 Bd8 22. Qb4 Rxa7 23. Bxa7 Qxa7+ 24. Kh1 h5 25. Rc3 g4 26. Rb3 Bc8 27. Qc3 Qc5 28. Qxc5 dxc5 29. Rc3 Nd6 30. Rxc5 Nh4 31. Nd3 gxf3 32. Bxf3 Nxf3 33. Rxf3 Bf6 34. Nf2 Bg4 35. Rb3 Be2 36. Rb6 Bh4 37. Rxd6 Bxf2 38. Rc2 f3 39. g3 Be3 40. Rf6 Bd3 41. Rc3 Bg5 42. Rxd3 Bxf6 43. Rxf3 Kg7 44. Rb3 Rb8 45. Rb6 h4 46. Kg2 hxg3 47. Kxg3 Bg5 48. Kg4 Be3 49. Re6 Bd4 50. b4 Rf8 51. Re7+ Rf7 52. Rxf7+ Kxf7 53. h4 Bc3 54. Kf5 Bxb4 1/2-1/2

[Event "Leiden SB-ch"]
[Site "Leiden"]
[Date "2006.06.06"]
[Round "4"]
[White "Schenkelaars, Vincent"]
[Black "Van den Bosse, Bart"]
[Result "1-0"]
[WhiteElo "1777"]
[BlackElo "1691"]
[PlyCount "101"]
[EventDate "2006.05.16"]
[EventType "swiss"]
[EventRounds "7"]
[EventCountry "NED"]
[SourceTitle "EXT 2012"]
[Source "ChessBase"]
[SourceDate "2011.11.24"]
[SourceVersion "1"]
[SourceVersionDate "2011.11.24"]
[SourceQuality "1"]

1. d4 d5 2. c4 c6 3. Nc3 Nf6 4. Bf4 a6 5. e3 Bf5 6. Rc1 e6 7. Qb3 Ra7 8. Nf3 h6 9. c5 Nbd7 10. h3 Qa5 11. Ne5 Nxe5 12. Bxe5 Nd7 13. Bh2 Be7 14. Be2 Bd8 15. Qa4 0-0 16. 0-0 Re8 17. Rfe1 Qxa4 18. Nxa4 Ba5 19. Nc3 e5 20. Kf1 Raa8 21. a3 Bd8 22. Rcd1 exd4 23. exd4 Bg5 24. Bd3 Rxe1+ 25. Kxe1 Bxd3 26. Rxd3 Re8+ 27. Ne2 Nf8 28. Kd1 Ne6 29. Rf3 Re7 30. Bd6 Rd7 31. Be5 Re7 32. Rg3 Bh4 33. Rf3 Nxc5 34. Bd6 Ne4 35. Bxe7 Bxe7 36. Nc3 Nxc3+ 37. Rxc3 Bf6 38. Rd3 Kf8 39. Ke2 Ke7 40. Re3+ Kd7 41. Rd3 Kd6 42. Kd2 a5 43. b3 Bg5+ 44. Kc2 b6 45. Rf3 Bf6 46. a4 Bxd4 47. Rxf7 Kc5 48. Kd3 Bf6 49. Rb7 b5 50. f4 Kb4 51. axb5 1-0

[Event "Leiden SB-ch"]
[Site "Leiden"]
[Date "2006.05.16"]
[Round "1"]
[White "Schenkelaars, Vincent"]
[Black "Van Vliet, Jeffrey"]
[Result "0-1"]
[WhiteElo "1777"]
[BlackElo "2295"]
[PlyCount "64"]
[EventDate "2006.05.16"]
[EventType "swiss"]
[EventRounds "7"]
[EventCountry "NED"]
[SourceTitle "EXT 2012"]
[Source "ChessBase"]
[SourceDate "2011.11.24"]
[SourceVersion "1"]
[SourceVersionDate "2011.11.24"]
[SourceQuality "1"]

1. d4 Nf6 2. c4 e6 3. Nc3 Bb4 4. f3 0-0 5. e4 d6 6. Be3 c5 7. Nge2 cxd4 8. Bxd4 Nc6 9. Bf2 Bc5 10. Bxc5 dxc5 11. Qxd8 Rxd8 12. Rd1 Rxd1+ 13. Kxd1 Bd7 14. Nc1 Rd8 15. Nb3 b6 16. Be2 Nd4 17. Nd2 Bc6 18. Re1 a6 19. Bf1 Nh5 20. Kc1 b5 21. b3 b4 22. Ne2 e5 23. g3 g5 24. Ng1 Nf6 25. Bh3 a5 26. Nf1 a4 27. Kb2 h5 28. Ne3 g4 29. fxg4 a3+ 30. Kc1 Nxe4 31. Nd5 Bxd5 32. cxd5 Nc3 0-1